Detailed estimates and grants for the year 1951-52 (Record no. 550487)

MARC details
000 -LEADER
fixed length control field 00691nam a2200229Ia 4500
003 - CONTROL NUMBER IDENTIFIER
control field OSt
005 - DATE AND TIME OF LATEST TRANSACTION
control field 20220925204819.0
008 - FIXED-LENGTH DATA ELEMENTS--GENERAL INFORMATION
fixed length control field 220923b |||||||| |||| 00| 0 eng d
037 ## - SOURCE OF ACQUISITION
Terms of availability General Book
040 ## - CATALOGING SOURCE
Original cataloging agency RTL
Transcribing agency RTL
Language of cataloging eng
041 ## - LANGUAGE CODE
Source of code eng
Language code of text/sound track or separate title eng
110 ## - MAIN ENTRY--CORPORATE NAME
Corporate name or jurisdiction name as entry element MADHYA BHARAT (Govt of-)
9 (RLIN) 269011
245 #0 - TITLE STATEMENT
Title Detailed estimates and grants for the year 1951-52
260 ## - PUBLICATION, DISTRIBUTION, ETC.
Place of publication, distribution, etc. Gwalior
Name of publisher, distributor, etc. Alijah Darbar press
Date of publication, distribution, etc. 1951
300 ## - PHYSICAL DESCRIPTION
Extent xiii,86p
Dimensions cm.
700 ## - ADDED ENTRY--PERSONAL NAME
Personal name MADHYA BHARAT (Govt of-)
9 (RLIN) 269012
942 ## - ADDED ENTRY ELEMENTS (KOHA)
Classification part X71:75.255.N52--N51t5, J1
Koha item type General Books
Source of classification or shelving scheme Colon Classification (CC)
Holdings
Withdrawn status Lost status Damaged status Not for loan Home library Current library Date acquired Total Checkouts Full call number Barcode Date last seen Price effective from Koha item type
        Ratan Tata Library Ratan Tata Library 2022-09-25   X71:75.255.N52--N51t5 J1 RT0021140 2022-09-25 2022-09-25 General Books
Copyright @ Delhi University Library System